=LDR 00000nam 2200000 4500 =001 INLIS000000000036151 =005 20130612141943 =008 ***********************************Ind** =035 ##$$0010-061300000036151 =041 ##$$a Ind =082 ##$$a F Rom K =090 ##$$a F Rom K, Ber j =100 ##$$a bergen, Lara =245 ##$$a Jasmine the matchmaker, Yasmin Si Makcablong, Lara Berger ; alih bahasa, Ramayanti =260 ##$$a 2009 $b Jakarta =300 ##$$a 24 hlm, ilus, 28 cm =650 ##$$a Fiksi Kanak-kanak =850 ##$$a NBPNMAT =990 ##$$a 21195103/BPAP-NTB/2014 =990 ##$$a 0001/BPAP-NTB/20142015 =990 ##$$a 0001/BPAP-NTB/2016